¿Quieres ser felíz? : (Record no. 146043)

MARC details
000 -CABECERA
campo de control de longitud fija 00551nam a2200193 u 4500
005 - FECHA Y HORA DE LA ÚLTIMA TRANSACCIÓN
campo de control 20230209063830.0
008 - ELEMENTOS DE LONGITUD FIJA--INFORMACIÓN GENERAL
campo de control de longitud fija 091124s2004 r 000 0 eng d
020 ## - NÚMERO INTERNACIONAL NORMALIZADO PARA LIBROS
Número Internacional Estándar del Libro 8495948966
035 ## - NÚMERO DE CONTROL DEL SISTEMA
Número de control de sistema UPN01000173939
049 ## - COLECCIÓN
Colección CG
050 #4 - SIGNATURA TOPOGRÁFICA DE LA BIBLIOTECA DEL CONGRESO
Número de clasificación BF697.5 S4.6
Número de documento/Ítem A4.6
100 1# - ASIENTO PRINCIPAL--NOMBRE PERSONAL
Nombre de persona Alvarez Romero, Manuel
245 11 - MENCIÓN DE TÍTULO
Título ¿Quieres ser felíz? :
Resto del título claves para mejorar nuestra autoestima /
Mención de responsabilidad, etc. Manuel Alvarez Romero.
260 ## - PUBLICACIÓN, DISTRIBUCIÓN, ETC.
Lugar de publicación, distribución, etc. Málaga, Esp. :
Nombre del editor, distribuidor, etc. Arguval,
Fecha de publicación, distribución, etc. 2004.
300 ## - DESCRIPCIÓN FÍSICA
Extensión 115 p.
440 #0 - MENCIÓN DE SERIE/ASIENTO SECUNDARIO--TÍTULO
Título Claves ;
Designación de volumen o secuencia 4
650 #4 - ASIENTO SECUNDARIO DE MATERIA - TERMINO TEMATICO
Término de materia o nombre geográfico como elemento de entrada Autoestima
9 (RLIN) 2906
905 ## - TIPO DE MATERIAL
Tipo de material Libro
Holdings
Estado de retiro Estado de pérdida Fuente del sistema de clasificación o colocación Estado dañado No para préstamo Código de colección Localización permanente Ubicación/localización actual Ubicación en estantería Total de préstamos Clasificación Código de barras Fecha visto por última vez Número de copia Tipo de ítem Koha
    Library of Congress Classification     Colección General Bib. Gregorio Torres Quintero Bib. Gregorio Torres Quintero Planta baja 4 BF697.5 S4.6 A4.6 268888 31/12/2020 1 Libro
    Library of Congress Classification     Colección General Bib. Gregorio Torres Quintero Bib. Gregorio Torres Quintero Planta baja 9 BF697.5 S4.6 A4.6 268887 31/12/2020 1 Libro
    Library of Congress Classification     Colección General Bib. Gregorio Torres Quintero Bib. Gregorio Torres Quintero Planta baja 7 BF697.5 S4.6 A4.6 268886 31/12/2020 1 Libro